00697cam a2200229 450000100060000000300080000600500170001400800390003103500190007004000320008904100080012108200200012910000300014924500900017925000180026926000360028730000360032350400390035965000230039865000260042170000200044730465BD-RjUL20211209051552.0140410t19721970nyua b 001 0 eng a(BD-RjUL)30551 aDLCcDLCdDLCdBD-RjULbeng aeng00a401.9bBRP 19721 aBrown, Roger,d1925-1997.10aPsycholinguistics :bselected papers /cRoger Brown. With Albert Gilman [... et. al]. aPaperback ed. aNew York :bFree Press,cc1970  axviii, 392 p. :bill. ;c21 cm. aIncludes bibliographies and index. 0aPsycholinguistics. 0aLanguage acquisition. aGilman, Albert